| 000 | 01557nam a2200253Ia 4500 | ||
|---|---|---|---|
| 003 | OSt | ||
| 005 | 20210906115749.0 | ||
| 008 | 210310s1988 sp ad fq 000 0 spa d | ||
| 020 | _a8475306144 | ||
| 040 |
_aCO-JMCR _cCO-JMCR |
||
| 041 | 0 | _aspa | |
| 082 | 0 | 4 |
_a339.23 / _bL586a _223 |
| 100 | 1 |
_aLeontief, Wassily, _917399 _eautor |
|
| 245 | 1 | 0 |
_aAnálisis económico input-output / _bW. Leontief |
| 260 |
_aBarcelona : _bEdiciones Orbis, S.A., _c1988 |
||
| 300 |
_a359 páginas : _bilustraciones y gráficas a blanco y negro ; _c20 cm. |
||
| 490 | 0 | _aBiblioteca de Economía | |
| 500 | _aIncluye notas a pie de página. | ||
| 504 | _aBibliografía: páginas [357]-359 | ||
| 505 | 0 | _aPropuesta para mejorar la bondad de nuestras previsiones económicas (1964) -- Análisis económico input-output (1951) -- Salarios, beneficios, precios e impuestos (1947) -- La estructura del desarrollo (1963) -- Producción interna y comercio exterior: reexamen de la posición estadounidense por lo que respecta al capital (1953) -- Las relaciones entre los factores y la estructura del comercio estadounidense: nuevo análisis teórico y empírico (1956) -- Análisis input-output (1965) -- Estructura de la economía estadounidense (1965) -- Repercusiones económicas estadounidense (1961) -- Repercusiones económicas -en los ámbitos industrial y regional- de una reducción de armamento (1965) -- Análisis input-output multiregional (1963) | |
| 650 | 1 | 4 |
_aEconomía _917401 _xModelos matemáticos |
| 650 | 2 | 4 |
_aEconomía matemática _940005 |
| 942 |
_2ddc _cBK |
||
| 999 |
_c8482 _d8482 |
||